| 000 | 00474nam a22001697a 4500 | ||
|---|---|---|---|
| 020 | _a9788177585780 | ||
| 082 | _a620.112 POP | ||
| 100 | _aPopov, E. P. (Egor Paul), | ||
| 245 | _aEngineering mechanics of solids | ||
| 250 | _a2nd ed. | ||
| 260 |
_aNew Delhi, India _bPearson Education _c1998 |
||
| 300 |
_axvi, 864 p. _bill. ; |
||
| 500 | _aIncludes bibliographical references and index. | ||
| 650 | _aStrength of materials. | ||
| 700 | _aBalan, Toader A. | ||
| 942 | _cBK | ||
| 999 |
_c12444 _d12444 |
||